000 00939nam a22002777a 4500
001 7665
003 FISKH
005 20250730143128.0
008 250730b cb ||||| |||| 00| 0 eng d
020 _a0717283275
040 _aFISKH
_beng
_cFISKH
_dFISKH
050 _aPZ8.D625 B
082 _a398.21
100 _aDisnep's
245 _aBeauty and the beast /
_cBy Walt Disney Productions
260 _aCalifornia :
_bDisnep Enterprises, Inc ,
_c2000.
300 _a42 unnumbered pages :
_bcolor illustrations ;
_c23 cm .
490 _aBeauty and the Beast (Disney)
505 _aJ
520 _aThrough her great capacity to love, a kind and beautiful maid releases a handsome prince from the spell which has made him an ugly beast.
521 8 _a500
_bLexile estimate
521 8 _aJ
_bRaz-Plus
650 _aDisney's Wonderful World of Reading
_vJuvenile Literature
942 _2ddc
_cBK
_n0
999 _c7665
_d7665